000 02627nam a2200313Ia 4500
999 _c56420
_d56420
001 23533
003 GE_BSU
005 20260219173232.0
008 181216s1973||||ge |||||||||||||| ||geo||
040 _cGE_BSU
041 _ageo
080 _a94(479.22)"10/11 ს-32
245 _aსაქართველოს ისტორიის ნარკვევები :
_b8 ტომად. ტ. 2, საქართველო IV-X სს. /
_c საქ. სსრ მეცნ. აკად., ივ. ჯავახიშვილის სახ. ისტორიის, არქეოლოგიისა და ეთნოგრაფიის ინ-ტის სამეცნ. საბჭო ; ავტორები: შ. მესხია, ლ. ჯანაშია, ა. ბოგვერაძე [და სხვა] ; სარედაქციო კოლეგია: გ. მელიქიშვილი (მთ. რედ.), ი. ანთელავა, ვ. დონდუა [და სხვა] ; ტომის რედაქტორი შოთა მესხია.
264 _aთბილისი :
_bსაბჭ. საქართველო,
_c1973.
300 _a672 გვ. :
_b [37] ჩ. ფურც. ილ., [2] დაკ. ფურც. რუკ. ;
_c23 სმ.
500 _aსაძიებლები: გვ. 646-665
504 _aბიბლიოგრაფია ტექსტის შენიშვნებში
541 _h15 ლ.
653 _aსაქართველოს ისტორიის ნარკვევები
653 _aტ. 2 : საქართველო IV-X სს.
700 _a მესხია, შ.
_eავტორი, ტომის რედაქტორი
_926928
700 _aჯანაშია, ლ.
_eავტორი
_918919
700 _aბოგვერაძე, ა.
_eავტორი
_925828
700 _aმელიქიშვილი, გ.
_e მთავარი რედაქტორი
_93198
700 _aგამსახურდია, თ.
_eავტორი
_926756
700 _aლომოური, ნ.
_eავტორი
_926929
710 _aსაქართველოს სსრ მეცნიერებათა აკადემია
_bივ. ჯავახიშვილის სახ. ისტორიის, არქეოლოგიისა და ეთნოგრაფიის ინსტიტუტის სამეცნიერო საბჭო
_926757
942 _cBK
_2udc